[Event "Int.Vellmar 9th op B"]
[Site "Vellmar"]
[Date "2017.07.14"]
[Round "2.17"]
[White "Mastmeyer, Lars Quentin"]
[Black "Maar, Felicitas"]
[Result "1-0"]
[WhiteElo "1724"]
[BlackElo "1461"]
[PlyCount "79"]
[EventDate "2017.07.13"]
[EventType "swiss"]
[EventRounds "7"]
[EventCountry "GER"]

1. d4 Nf6 2. c4 g6 3. Nf3 Bg7 4. Bf4 O-O 5. Nc3 d6 6. h3 b6 7. e4 e6 8. Be2 Bb7
9. Qc2 Re8 10. O-O Nc6 11. Rfd1 Qe7 12. Bh2 Nd7 13. Nb5 Rec8 14. Rac1 a6 15.
Nc3 Rf8 16. a3 f5 17. b4 Nd8 18. Re1 c5 19. exf5 Rxf5 20. d5 Ne5 21. Nxe5 Bxe5
22. Bxe5 Rxe5 23. Bf3 exd5 24. Rxe5 Qxe5 25. Nxd5 Rb8 26. Qd2 cxb4 27. Re1 Qg7
28. Re8+ Kf7 29. Re7+ Kg8 30. Rxg7+ Kxg7 31. Qd4+ Kf8 32. Nxb6 Nc6 33. Qxd6+
Ke8 34. Bxc6+ Bxc6 35. Qxb8+ Ke7 36. Qc7+ Ke8 37. Qxc6+ Ke7 38. Nd5+ Kf7 39.
Qf6+ Kg8 40. Ne7# 1-0

[Event "Int.Vellmar 9th op B"]
[Site "Vellmar"]
[Date "2017.07.14"]
[Round "2.18"]
[White "Wiedemann, Thilo"]
[Black "Uecker, Mario"]
[Result "1/2-1/2"]
[WhiteElo "1616"]
[BlackElo "1720"]
[PlyCount "91"]
[EventDate "2017.07.13"]
[EventType "swiss"]
[EventRounds "7"]
[EventCountry "GER"]

1. d4 c5 2. c3 e6 3. Bf4 d5 4. e3 Nf6 5. Nf3 Nbd7 6. Bb5 a6 7. Qa4 b6 8. Ne5
Bb7 9. Bxd7+ Nxd7 10. Qxd7+ Qxd7 11. Nxd7 Kxd7 12. Nd2 f6 13. h4 Bd6 14. Bh2 e5
15. Nf3 e4 16. Nd2 Be7 17. Nb3 c4 18. Nc1 Rac8 19. Ne2 f5 20. Bf4 h6 21. h5 Rc6
22. O-O-O a5 23. g4 fxg4 24. Rdg1 g5 25. hxg6 Rxg6 26. Rh5 Rh7 27. Rgh1 Bf8 28.
Ng3 Ke6 29. Nf5 b5 30. Nxh6 Bxh6 31. Bxh6 Rf7 32. Bf4 a4 33. Re5+ Kd7 {
Remisangebot} 34. a3 Bc6 35. Rh8 Re7 36. Reh5 Re8 37. R5h7+ Re7 38. Kd1 Rxh7
39. Rxh7+ Ke6 40. Ke1 Kf6 41. Kf1 Ke6 42. Kg2 Bd7 43. Kg3 Bc8 44. Kh4 Bd7 45.
Kh5 Be8 46. Kh4 1/2-1/2

[Event "Int.Vellmar 9th op B"]
[Site "Vellmar"]
[Date "2017.07.14"]
[Round "2.19"]
[White "Schloemer, Andreas"]
[Black "Moderow, Ramon"]
[Result "1-0"]
[WhiteElo "1716"]
[BlackElo "1421"]
[PlyCount "133"]
[EventDate "2017.07.13"]
[EventType "swiss"]
[EventRounds "7"]
[EventCountry "GER"]

1. c4 e5 2. g3 Nf6 3. Bg2 d5 4. cxd5 Nxd5 5. Nc3 Be6 6. Nf3 Nc6 7. d3 Bb4 8.
Bd2 Qf6 9. O-O h6 10. Qc2 O-O-O 11. a3 Ba5 12. Ne4 Qe7 13. Bxa5 Nxa5 14. Nxe5
Bf5 15. Nc4 Nc6 16. b4 Nd4 17. Qb2 Nf6 18. e3 Bxe4 19. Bxe4 Nxe4 20. exd4 Ng5
21. Ne5 Rhf8 22. h4 Nh7 23. Rac1 Qd6 24. Qc3 f6 25. Nf3 Rf7 26. Qc4 Re7 27.
Rfe1 Rxe1+ 28. Rxe1 Nf8 29. Re3 Rd7 30. Qc5 b6 31. Qxd6 Rxd6 32. Re8+ Rd8 33.
Rxd8+ Kxd8 34. Kf1 Kd7 35. Ke2 Kc6 36. Kd2 Ne6 37. a4 Kd5 38. Kc3 g5 39. hxg5
hxg5 40. g4 Nf4 41. Kd2 Nh3 42. Ke3 Nf4 43. Kd2 Ne6 44. Kc3 {Remisangebot} a6
45. Nd2 Nxd4 46. Ne4 Ke5 47. Nxf6 Kxf6 48. Kxd4 Ke6 49. Ke4 c6 50. d4 Kf6 {
Remisangebot} 51. a5 b5 52. f4 Kg6 53. fxg5 Kxg5 54. Kf3 Kf6 55. Kf4 Ke6 56. g5
Kf7 57. Ke5 Kg6 58. Kd6 Kxg5 59. Kxc6 Kf5 60. d5 Ke5 61. d6 Kd4 62. d7 Kc4 63.
d8=Q Kxb4 64. Qd4+ Kxa5 65. Qa1+ Kb4 66. Qxa6 Kc4 67. Qxb5+ 1-0

[Event "Int.Vellmar 9th op B"]
[Site "Vellmar"]
[Date "2017.07.14"]
[Round "2.22"]
[White "Hahnenstein, Leon"]
[Black "Wuestehube, Harry"]
[Result "1/2-1/2"]
[WhiteElo "1401"]
[BlackElo "1925"]
[PlyCount "59"]
[EventDate "2017.07.13"]
[EventType "swiss"]
[EventRounds "7"]
[EventCountry "GER"]

1. e4 d6 2. Bc4 Nf6 3. d3 g6 4. Nf3 Bg7 5. c3 O-O 6. Be3 c6 7. Nbd2 e5 8. h3
Nbd7 9. O-O b5 10. Bb3 Bb7 11. Re1 Qc7 12. Qc2 c5 13. c4 {Remis Angebot} b4 14.
a3 a5 15. axb4 axb4 16. Ba4 Nh5 17. Nb3 h6 18. Qd2 {Remis Angebot} Kh7 19. Nh2
f5 20. exf5 gxf5 21. Qe2 Nhf6 22. Nf3 Nb6 23. Bb5 Qf7 24. Na5 Bc8 25. Nc6 Be6
26. Nxb4 Rxa1 27. Rxa1 Nxc4 28. Bxc4 {Remis Angebot} Bxc4 29. dxc4 cxb4 30. b3
1/2-1/2

[Event "Int.Vellmar 9th op B"]
[Site "Vellmar"]
[Date "2017.07.14"]
[Round "2.23"]
[White "Walkiewicz, Danny"]
[Black "Calci, Fiorino"]
[Result "0-1"]
[WhiteElo "1605"]
[BlackElo "1847"]
[PlyCount "62"]
[EventDate "2017.07.13"]
[EventType "swiss"]
[EventRounds "7"]
[EventCountry "GER"]

1. e4 d5 2. exd5 Nf6 3. Nf3 Qxd5 4. Nc3 Qa5 5. d4 c6 6. Bd3 Bg4 7. h3 Bh5 8.
O-O e6 9. Ne4 Nbd7 10. Bf4 Nxe4 11. Bxe4 Nf6 12. Bd3 Be7 13. c3 O-O 14. Be2 c5
15. dxc5 Qxc5 16. Be3 Qc7 17. Nd4 Bxe2 18. Qxe2 Nd5 19. Nb5 Qe5 20. Qd3 Nxe3
21. fxe3 Rfd8 22. Nd4 Bc5 23. Rf3 Qg5 24. Qe4 Qd5 25. Qc2 Rd7 26. Kf2 Rad8 27.
Nb3 Bb6 28. Ke2 Qc4+ 29. Kf2 Rd3 30. Re1 a5 31. Rf4 Qxf4+ 0-1

[Event "Int.Vellmar 9th op B"]
[Site "Vellmar"]
[Date "2017.07.14"]
[Round "2.24"]
[White "Hilgert, Viktor"]
[Black "Skopp, Jonathan"]
[Result "1-0"]
[WhiteElo "1798"]
[BlackElo "1178"]
[PlyCount "91"]
[EventDate "2017.07.13"]
[EventType "swiss"]
[EventRounds "7"]
[EventCountry "GER"]

1. d4 d5 2. c4 e6 3. Nf3 Nf6 4. g3 c6 5. Qc2 Bd6 6. Bg2 Nbd7 7. Bf4 Qc7 8. e3
O-O 9. O-O Ne4 10. cxd5 exd5 11. Nc3 Ndf6 12. Nxd5 Nxd5 13. Qxe4 Bd7 14. Bxd6
Qxd6 15. a3 Rae8 16. Qd3 Nf6 17. Nh4 Qe6 18. Rac1 Re7 19. Nf3 h6 20. Ne5 Ng4
21. Nxg4 Qxg4 22. Qd1 Qf5 23. d5 cxd5 24. Qxd5 Qxd5 25. Bxd5 b6 26. Rc7 a5 27.
Rfc1 Rfe8 28. Rb7 Be6 29. Bxe6 Rxe6 30. Rcc7 Rf6 31. Kg2 Re5 32. Rc4 Rb5 33. b4
axb4 34. Rxb4 Ra5 35. Rb8+ Kh7 36. a4 Ra6 37. f4 Re6 38. Kf3 f5 39. Rb7 Kg6 40.
h4 Kf6 41. h5 g5 42. hxg6 Kxg6 43. g4 Kf6 44. gxf5 Kxf5 45. e4+ Kf6 46. Rh7 1-0

[Event "Int.Vellmar 9th op B"]
[Site "Vellmar"]
[Date "2017.07.14"]
[Round "2.25"]
[White "Cress, Bastian"]
[Black "Bengsch, Norbert"]
[Result "1/2-1/2"]
[WhiteElo "1599"]
[BlackElo "1797"]
[PlyCount "82"]
[EventDate "2017.07.13"]
[EventType "swiss"]
[EventRounds "7"]
[EventCountry "GER"]

1. e4 c5 2. Nc3 e6 3. Nge2 Nc6 4. g3 Nf6 5. Bg2 d5 6. exd5 exd5 7. d4 cxd4 8.
Nxd4 Bb4 9. O-O O-O 10. Nce2 Qb6 11. c3 Bc5 12. Nb3 Bg4 13. Nxc5 Qxc5 14. Qd3
Ne5 15. Qd4 Qxd4 16. Nxd4 Nc6 17. Be3 a6 18. f3 Be6 19. Rad1 Rac8 20. Rf2 Rfe8
21. Bg5 Nd7 22. f4 Bg4 23. Bf3 Bxf3 24. Nxf3 f6 25. Bh4 Nb6 26. g4 Re3 27. Re1
Rce8 28. Rd2 Rxe1+ 29. Bxe1 Nc4 30. Rxd5 Nxb2 31. Rd7 Re7 32. Rxe7 Nxe7 33. Nd4
Kf7 34. Kg2 Nd3 35. Bd2 Nd5 36. Kf3 Nc5 37. Nb3 Na4 38. c4 Ndb6 39. Na5 Nb2 40.
c5 N6c4 41. Nxc4 Nxc4 1/2-1/2

[Event "Int.Vellmar 9th op B"]
[Site "Vellmar"]
[Date "2017.07.14"]
[Round "2.26"]
[White "Kroemer, Alexander"]
[Black "Thiel, Moritz"]
[Result "0-1"]
[WhiteElo "1566"]
[BlackElo "1785"]
[PlyCount "40"]
[EventDate "2017.07.13"]
[EventType "swiss"]
[EventRounds "7"]
[EventCountry "GER"]

1. e4 c5 2. Nf3 d6 3. Bc4 Nc6 4. O-O Bg4 5. Bxf7+ Kd7 6. h3 Bxf3 7. Qxf3 e6 8.
Bxg8 Rxg8 9. Qb3 b6 10. c3 Qh4 11. d3 g5 12. f3 h5 13. Na3 g4 14. fxg4 hxg4 15.
Rf4 Qe1+ 16. Rf1 Qh4 17. Rf4 Be7 18. Qd1 Raf8 19. Rxg4 Rxg4 20. hxg4 Qf2+ 0-1

[Event "Int.Vellmar 9th op B"]
[Site "Vellmar"]
[Date "2017.07.14"]
[Round "2.28"]
[White "Tschepanski, Helmut"]
[Black "Heidenreich, Gundolf"]
[Result "1-0"]
[WhiteElo "1539"]
[BlackElo "1710"]
[PlyCount "63"]
[EventDate "2017.07.13"]
[EventType "swiss"]
[EventRounds "7"]
[EventCountry "GER"]

1. d4 d5 2. e3 Bf5 3. Bd3 Bxd3 4. Qxd3 e6 5. Nf3 Nd7 6. Qb5 Qc8 7. c3 Ngf6 8.
Nbd2 Bd6 9. Qd3 c5 10. O-O Qc7 11. h3 O-O-O 12. b3 Kb8 13. a4 Rdg8 14. a5 g5
15. e4 dxe4 16. Nxe4 Nxe4 17. Qxe4 Nf6 18. Qd3 g4 19. Ne5 gxh3 20. Qxh3 Bxe5
21. dxe5 Qxe5 22. Qf3 Rxg2+ 23. Kxg2 Rg8+ 24. Kh1 Rg4 25. Qh3 Qf5 26. Qh2+ Kc8
27. f3 Rg6 28. Bf4 Nh5 29. Bb8 Kd7 30. Rad1+ Ke8 31. Rd2 Kf8 32. Rg2 1-0

[Event "Int.Vellmar 9th op B"]
[Site "Vellmar"]
[Date "2017.07.14"]
[Round "2.29"]
[White "Schmechtig, Lucas"]
[Black "Homann, Christoph"]
[Result "0-1"]
[WhiteElo "1491"]
[BlackElo "1699"]
[PlyCount "82"]
[EventDate "2017.07.13"]
[EventType "swiss"]
[EventRounds "7"]
[EventCountry "GER"]

1. c4 Nf6 2. g3 c6 3. Bg2 d5 4. cxd5 cxd5 5. Nc3 d4 6. Ne4 e5 7. Qb3 Nxe4 8.
Bxe4 Nc6 9. d3 Bb4+ 10. Kf1 Be7 11. Nf3 Qc7 12. Qb5 O-O 13. Bxc6 Bh3+ 14. Kg1
bxc6 15. Qxe5 Qb7 16. Qh5 Bd7 17. Nxd4 Bf6 18. Nb3 Rfe8 19. Qf3 Bh3 20. Qh5 Bd7
21. Nc5 Qb5 22. a4 Qa5 23. Rb1 Re5 24. Qxe5 Bxe5 25. Nxd7 Bd6 26. Be3 Rd8 27.
b4 Bxb4 28. Ne5 Rc8 29. Bxa7 Qxe5 30. Rxb4 Qxe2 31. Kg2 Qxd3 32. Rd4 Qa6 33.
Rhd1 h6 34. Bc5 Qa5 35. Ba3 Qc7 36. Rd7 Qa5 37. R1d4 Qb6 38. Re4 Rd8 39. Rb4
Qa5 40. Re7 Qd5+ 41. Kg1 Qf3 0-1

[Event "Int.Vellmar 9th op B"]
[Site "Vellmar"]
[Date "2017.07.14"]
[Round "2.30"]
[White "Pomrehn, Ole Magnus"]
[Black "Schaefer, Gerhard"]
[Result "1/2-1/2"]
[WhiteElo "1472"]
[BlackElo "1695"]
[PlyCount "47"]
[EventDate "2017.07.13"]
[EventType "swiss"]
[EventRounds "7"]
[EventCountry "GER"]

1. d4 Nf6 2. Nf3 d5 3. c3 Bg4 4. Nbd2 Nbd7 5. e3 e6 6. Bd3 e5 7. dxe5 Nxe5 8.
Be2 Bd6 9. h3 h5 10. Nxe5 Bxe2 11. Qxe2 Bxe5 12. O-O O-O 13. Nf3 Bd6 14. Rd1 c6
15. Qc2 Ne4 16. b3 Rc8 17. Bb2 Qe7 18. Rac1 Rfd8 19. Qe2 Qe6 20. Nd4 Qg6 21.
Qf3 Be5 22. Qf5 Qf6 23. Qxf6 Bxf6 24. Rc2 1/2-1/2

[Event "Int.Vellmar 9th op B"]
[Site "Vellmar"]
[Date "2017.07.14"]
[Round "2.31"]
[White "Lambrecht, Harald"]
[Black "Mann, Moritz"]
[Result "0-1"]
[WhiteElo "1422"]
[BlackElo "1692"]
[PlyCount "98"]
[EventDate "2017.07.13"]
[EventType "swiss"]
[EventRounds "7"]
[EventCountry "GER"]

1. d4 g6 2. e4 Bg7 3. Nc3 d6 4. Be3 Nd7 5. Qd2 e5 6. d5 Ne7 7. h4 h5 8. Nf3 Nf6
9. g3 Ng4 10. Nh2 Nxe3 11. Qxe3 Bh6 12. Qd3 Ng8 13. Nf3 Nf6 14. Nd2 Ng4 15. Qe2
Qf6 16. Bh3 O-O 17. Bxg4 Bxg4 18. f3 Bxd2+ 19. Qxd2 Qxf3 20. Rg1 Qf6 21. Rf1
Qe7 22. Ne2 Kg7 23. O-O-O f5 24. exf5 Rxf5 25. Rxf5 Bxf5 26. Nc3 Rf8 27. Re1
Qf7 28. b3 a6 29. a4 Qd7 30. Kb2 c6 31. Ne4 Bxe4 32. Rxe4 cxd5 33. Qxd5 Qc6 34.
Qd3 Rf2 35. Rc4 Qd7 36. Qc3 Rf7 37. Qe3 Qf5 38. Qb6 Qf6 39. Ka2 d5 40. Qxf6+
Kxf6 41. Rc5 Rd7 42. Kb2 Kf5 43. Rc8 Kg4 44. Rg8 Rd6 45. Kc3 Kxg3 46. Re8 e4
47. Kd4 Kxh4 48. Kc5 Rd7 49. Re5 g5 0-1

[Event "Int.Vellmar 9th op B"]
[Site "Vellmar"]
[Date "2017.07.14"]
[Round "2.32"]
[White "Schulz, Christian"]
[Black "Haack, Kevin"]
[Result "0-1"]
[WhiteElo "1416"]
[BlackElo "1667"]
[PlyCount "116"]
[EventDate "2017.07.13"]
[EventType "swiss"]
[EventRounds "7"]
[EventCountry "GER"]

1. Nf3 d5 2. g3 Nf6 3. Bg2 e6 4. O-O Bd6 5. d3 Nc6 6. b3 O-O 7. Bb2 Re8 8. Nbd2
Qe7 9. c4 Bd7 10. Re1 Rad8 11. a3 a5 12. d4 b6 13. e3 Qf8 14. Ne5 h6 15. Nxd7
Nxd7 16. cxd5 exd5 17. Bxd5 Ne7 18. Bg2 c5 19. Nc4 Bc7 20. Qc2 b5 21. Nd2 Bb6
22. Rad1 Rc8 23. Qd3 Red8 24. Qxb5 cxd4 25. Nc4 Rc5 26. Qa4 dxe3 27. Nxe3 Rc7
28. Nc4 Bc5 29. Qxa5 Ra7 30. Qc3 Nf6 31. h3 Ned5 32. Bxd5 Rxd5 33. Rxd5 Nxd5
34. Qe5 Re7 35. Qxd5 Rxe1+ 36. Kg2 Qe8 37. Ne5 Qe7 38. Ng6 Qe4+ 39. Qxe4 Rxe4
40. Nf4 g5 41. Nd3 Ba7 42. b4 Re2 43. Kf1 Rd2 44. Ke1 Rxd3 45. Ke2 Rb3 46. Bc1
f6 47. f3 Rc3 48. Bd2 Rxa3 49. f4 Rxg3 50. fxg5 fxg5 51. h4 Kf7 52. hxg5 hxg5
53. Be1 Re3+ 54. Kf1 g4 55. Bd2 Rf3+ 56. Ke2 Rf2+ 57. Ke1 Rxd2 58. Kxd2 g3 0-1

[Event "Int.Vellmar 9th op B"]
[Site "Vellmar"]
[Date "2017.07.14"]
[Round "2.37"]
[White "Mahr, Gero"]
[Black "Tiggemann, Felix"]
[Result "1-0"]
[WhiteElo "1739"]
[BlackElo "1502"]
[PlyCount "67"]
[EventDate "2017.07.13"]
[EventType "swiss"]
[EventRounds "7"]
[EventCountry "GER"]

1. e4 e6 2. d4 d5 3. Nd2 Nf6 4. e5 Nfd7 5. Ngf3 c5 6. c3 Nc6 7. b3 Qb6 8. Bb2
a5 9. a4 cxd4 10. cxd4 f6 11. Be2 Bb4 12. exf6 Nxf6 13. Bb5 O-O 14. O-O Bd7 15.
Bxc6 bxc6 16. Qc2 Rfe8 17. Rad1 Rac8 18. Ne5 c5 19. Nxd7 Nxd7 20. Qd3 Nf6 21.
dxc5 Bxc5 22. Nf3 Ng4 23. Rd2 Rf8 24. h3 Nf6 25. Ng5 h6 {Remisangebot} 26. Bxf6
hxg5 27. Bxg5 Rxf2 28. Rdxf2 Bxf2+ 29. Rxf2 Rf8 30. Be3 Qd8 31. Rxf8+ Kxf8 32.
Bd4 Qd6 33. Qc3 g5 34. Bc5 1-0

[Event "Int.Vellmar 9th op B"]
[Site "Vellmar"]
[Date "2017.07.14"]
[Round "2.38"]
[White "Schaefer, Marc"]
[Black "Margraf, Dieter"]
[Result "1-0"]
[WhiteElo "1701"]
[BlackElo "1496"]
[PlyCount "51"]
[EventDate "2017.07.13"]
[EventType "swiss"]
[EventRounds "7"]
[EventCountry "GER"]

1. c4 Nf6 2. d4 e6 3. Nf3 c6 4. Nc3 d5 5. e3 Bd6 6. c5 Bc7 7. Bd3 O-O 8. O-O
Nbd7 9. b4 Re8 10. Bb2 e5 11. dxe5 Nxe5 12. Nxe5 Bxe5 13. Qc2 g6 14. Ne2 Bxh2+
15. Kxh2 Ng4+ 16. Kg3 Qc7+ 17. Nf4 g5 18. Bxh7+ Kf8 19. Bf5 gxf4+ 20. Kxg4
Bxf5+ 21. Qxf5 Qc8 22. Qxc8 Raxc8 23. Kxf4 Re4+ 24. Kf3 Rce8 25. Rh1 Rxb4 26.
Bf6 1-0

[Event "Int.Vellmar 9th op B"]
[Site "Vellmar"]
[Date "2017.07.14"]
[Round "2.39"]
[White "Brahn, Helmut"]
[Black "Pohl, Rolf Dieter"]
[Result "1-0"]
[WhiteElo "1698"]
[BlackElo "1487"]
[PlyCount "75"]
[EventDate "2017.07.13"]
[EventType "swiss"]
[EventRounds "7"]
[EventCountry "GER"]

1. c4 g6 2. d4 c5 3. d5 Bg7 4. e4 d6 5. h3 Nd7 6. Nf3 Qa5+ 7. Nbd2 Ngf6 8. Bd3
O-O 9. O-O Ne8 10. Re1 Ne5 11. Nxe5 Bxe5 12. Nf3 Bg7 13. a3 Qa6 14. Qc2 Bd7 15.
Ra2 b5 16. b4 bxc4 17. Bxc4 Bb5 18. Bxb5 Qxb5 19. bxc5 Qxc5 20. Qxc5 dxc5 21.
Be3 c4 22. Rc2 Nd6 23. e5 Nb5 24. Rxc4 Nxa3 25. Rc7 Rfd8 26. Rd1 e6 27. d6 Nb5
28. Rb7 a6 29. Bb6 Nc3 30. Rd3 Nd5 31. Bxd8 Rxd8 32. Rdb3 h6 33. Rb8 Rf8 34. d7
Ne7 35. Rxf8+ Bxf8 36. d8=Q Nc6 37. Qa8 Ne7 38. Rb8 1-0

[Event "Int.Vellmar 9th op B"]
[Site "Vellmar"]
[Date "2017.07.14"]
[Round "2.40"]
[White "Pabst, Olaf"]
[Black "Warter, Simon"]
[Result "0-1"]
[WhiteElo "1610"]
[BlackElo "1357"]
[PlyCount "98"]
[EventDate "2017.07.13"]
[EventType "swiss"]
[EventRounds "7"]
[EventCountry "GER"]

1. Nc3 d5 2. d4 Nf6 3. Bf4 a6 4. e3 Bf5 5. f3 c6 6. g4 Bg6 7. h4 h5 8. g5 Nfd7
9. Bd3 Bxd3 10. Qxd3 g6 11. Nge2 Bg7 12. O-O-O b5 13. Ng3 Qa5 14. Kb1 e5 15.
dxe5 O-O 16. e6 Nc5 17. exf7+ Kxf7 18. Qd2 Bxc3 19. Qxc3 Qxc3 20. bxc3 Na4 21.
Ne2 Re8 22. Rd4 Nd7 23. Rf1 Rad8 24. Kc1 Ndb6 25. Rd3 Nc4 26. Nd4 Rc8 27. Re1
Nab2 28. Nb3 Nxd3+ 29. cxd3 Ne5 30. Bxe5 Rxe5 31. Nd4 c5 32. Nc2 d4 33. e4 dxc3
34. f4 Re6 35. Ne3 b4 36. Kc2 Rd8 37. e5 Rd4 38. Rf1 Re8 39. Nc4 Ke6 40. Nd6 {
Remisangebot} Rxd6 41. exd6 Kxd6 42. Rf2 Rf8 43. Kb3 Kd5 44. a3 a5 45. a4 Kd4
46. Rf3 Re8 47. f5 gxf5 48. g6 Rg8 49. Rg3 f4 0-1

[Event "Int.Vellmar 9th op B"]
[Site "Vellmar"]
[Date "2017.07.14"]
[Round "2.42"]
[White "Heinz, Friedrich"]
[Black "Maar, Patricia"]
[Result "1-0"]
[WhiteElo "1669"]
[BlackElo "1358"]
[PlyCount "71"]
[EventDate "2017.07.13"]
[EventType "swiss"]
[EventRounds "7"]
[EventCountry "GER"]

1. e4 c5 2. Nf3 d6 3. d4 cxd4 4. Nxd4 Nf6 5. Nc3 g6 6. Bc4 Bg7 7. Bg5 Nc6 8.
Nxc6 bxc6 9. h4 Qb6 10. Bb3 h6 11. Be3 Qb4 12. a3 Qa5 13. Qf3 O-O 14. O-O-O Bg4
15. Qg3 Bxd1 16. Rxd1 h5 17. Qxg6 e6 18. Qg3 Ng4 19. Bd2 Be5 20. f4 Bg7 21. Ne2
Qc5 22. Rf1 Rab8 23. Kb1 a5 24. a4 Rb7 25. Qd3 Rfb8 26. f5 e5 27. Ng3 Nf6 28.
Bc3 Bh6 29. Qd1 Ng4 30. f6 Kh8 31. Nf5 Rf8 32. Nxh6 Nxh6 33. Qxh5 Kh7 34. Bd2
Rh8 35. Qxh6+ Kg8 36. Qg7# 1-0

[Event "Int.Vellmar 9th op B"]
[Site "Vellmar"]
[Date "2017.07.14"]
[Round "2.43"]
[White "Fromm, Nick"]
[Black "Bakiev, Diyor"]
[Result "0-1"]
[WhiteElo "1518"]
[BlackElo "1610"]
[PlyCount "52"]
[EventDate "2017.07.13"]
[EventType "swiss"]
[EventRounds "7"]
[EventCountry "GER"]

1. e4 e5 2. Nf3 Nc6 3. Bc4 Bc5 4. c3 Nf6 5. d3 h6 6. O-O O-O 7. Re1 Na5 8. Bb5
Bb6 9. Nxe5 d6 10. Nf3 a6 11. Ba4 Bg4 12. h3 Bh5 13. g4 Bg6 14. Nh4 Nxe4 15.
dxe4 Qxh4 16. Qf3 Nc4 17. Bc2 Ne5 18. Qg2 Rfe8 19. Nd2 Rad8 20. Nf3 Bxf2+ 21.
Qxf2 Nxf3+ 22. Qxf3 Qxe1+ 23. Kh2 Bxe4 24. Bxe4 Rxe4 25. h4 Re2+ 26. Kh3 Rf2
0-1

[Event "Int.Vellmar 9th op B"]
[Site "Vellmar"]
[Date "2017.07.14"]
[Round "2.44"]
[White "Hoke, Joshua Sky"]
[Black "Helmer, Andreas"]
[Result "1-0"]
[WhiteElo "1500"]
[BlackElo "1608"]
[PlyCount "49"]
[EventDate "2017.07.13"]
[EventType "swiss"]
[EventRounds "7"]
[EventCountry "GER"]

1. e4 c5 2. Nc3 Nc6 3. f4 e6 4. Nf3 b6 5. Bb5 Bb7 6. O-O Nf6 7. d3 Be7 8. Bd2
O-O 9. h3 Qc7 10. Qe2 Nh5 11. Qe3 Nd4 12. g4 Nxc2 13. Qf2 Nxa1 14. gxh5 Nc2 15.
f5 a6 16. Ba4 Nd4 17. Nxd4 cxd4 18. Ne2 b5 19. Bb3 e5 20. h6 g5 21. fxg6 hxg6
22. Bxf7+ Kh8 23. Qg3 Qc6 24. Qxe5+ Kh7 25. Qg7# 1-0

[Event "Int.Vellmar 9th op B"]
[Site "Vellmar"]
[Date "2017.07.14"]
[Round "2.46"]
[White "Ross, Heinrich"]
[Black "Spinnler, Wolfgang"]
[Result "1/2-1/2"]
[WhiteElo "1482"]
[BlackElo "1604"]
[PlyCount "71"]
[EventDate "2017.07.13"]
[EventType "swiss"]
[EventRounds "7"]
[EventCountry "GER"]

1. e4 d5 2. exd5 Qxd5 3. Nc3 Qd8 4. Bc4 Nf6 5. h3 e6 6. Nf3 Be7 7. O-O O-O 8.
Be2 a6 9. d3 b5 10. a3 Bb7 11. Be3 Nd5 12. Bd2 Nd7 13. Ne4 N5f6 14. Ng3 Bd6 15.
Ng5 Ne5 16. N5e4 Nxe4 17. dxe4 Ng6 18. Bd3 Be5 19. Qc1 c5 20. f4 Bd4+ 21. Be3
c4 22. Be2 Qb6 23. Bxd4 Qxd4+ 24. Kh2 Bxe4 25. Nxe4 Qxe4 26. Bf3 Qf5 27. Bxa8
Rxa8 28. Qd2 Ne7 29. g4 Qc5 30. c3 Nd5 31. Rf3 Qc7 32. Raf1 g5 33. Kh1 Nxf4 34.
Rxf4 gxf4 35. Rxf4 Rd8 36. Rd4 1/2-1/2

[Event "Int.Vellmar 9th op B"]
[Site "Vellmar"]
[Date "2017.07.14"]
[Round "2.48"]
[White "Toma, Yanis"]
[Black "Kanbach, Moritz"]
[Result "1/2-1/2"]
[WhiteElo "1538"]
[BlackElo "1258"]
[PlyCount "51"]
[EventDate "2017.07.13"]
[EventType "swiss"]
[EventRounds "7"]
[EventCountry "GER"]

1. e4 e5 2. Nf3 Nc6 3. Bc4 Bc5 4. d3 h6 5. c3 Nf6 6. O-O O-O 7. b4 Be7 8. b5
Na5 9. Nxe5 d6 10. Ng6 Nxc4 11. Nxf8 Nb6 12. Ng6 fxg6 13. Re1 Qe8 14. a4 Nbd7
15. d4 b6 16. Ba3 Bb7 17. e5 dxe5 18. dxe5 Nh7 19. Qb3+ Kh8 20. Bb2 Bc5 21. c4
Qf7 22. Rf1 Qf5 23. Qc3 Qe4 24. Qg3 Rf8 25. Nd2 Qf4 26. Qxf4 1/2-1/2

[Event "Int.Vellmar 9th op B"]
[Site "Vellmar"]
[Date "2017.07.14"]
[Round "2.49"]
[White "Janovskij, Konstantin"]
[Black "Neumann, Peter Eduard"]
[Result "1/2-1/2"]
[WhiteElo "1335"]
[BlackElo "1576"]
[PlyCount "144"]
[EventDate "2017.07.13"]
[EventType "swiss"]
[EventRounds "7"]
[EventCountry "GER"]

1. e4 d6 2. d4 g6 3. Nf3 Bg7 4. Nc3 Bg4 5. h3 Bxf3 6. gxf3 e6 7. Be3 Nd7 8. Bd3
e5 9. d5 a6 10. Qd2 h6 11. O-O-O c5 12. Rhg1 b5 13. f4 Qa5 14. Kb1 b4 15. Ne2
Ne7 16. f5 g5 17. h4 f6 18. hxg5 fxg5 19. f4 exf4 20. Bxf4 Ne5 21. Bxe5 Bxe5
22. Rdf1 Bf6 23. Ng3 h5 24. Rh1 h4 25. Ne2 Kd7 26. Rfg1 Rag8 27. Bc4 Qb6 28.
Qd3 a5 29. Ba6 Rb8 30. Bc4 Nc8 31. Rg4 Na7 32. Ng1 a4 33. Nf3 Qa5 34. Qe3 Nb5
35. Bxb5+ Rxb5 36. e5 Re8 37. e6+ Kc7 38. Nxg5 b3 39. c3 a3 40. axb3 Rxb3 41.
Rh2 Reb8 42. Rgg2 Rxc3 43. Qg1 Re3 44. Qxe3 Bxb2 45. Rxb2 axb2 46. Rxb2 Ra8 47.
Qd2 Qa1+ 48. Kc2 Qa4+ 49. Kd3 Qd4+ 50. Ke2 Qe5+ 51. Kd1 Ra1+ 52. Kc2 Qxf5+ 53.
Kc3 Qe5+ 54. Kc2 Ra4 55. Nf3 Qf5+ 56. Qd3 Rc4+ 57. Kd2 Qf4+ 58. Qe3 Qf6 59. Rc2
Rf4 60. e7 Rxf3 61. e8=Q Rf2+ 62. Qxf2 Qxf2+ 63. Qe2 Qf4+ 64. Kc3 Qd4+ 65. Kb3
Qxd5+ 66. Qc4 Qb7+ 67. Kc3 Qf3+ 68. Qd3 Qf6+ 69. Kd2 Qf2+ 70. Kc1 Qe1+ 71. Qd1
Qe3+ 72. Kb1 Qb3+ 1/2-1/2

[Event "Int.Vellmar 9th op B"]
[Site "Vellmar"]
[Date "2017.07.14"]
[Round "2.50"]
[White "Kotliarevski, Dennis"]
[Black "Moderow, Manuel"]
[Result "1-0"]
[WhiteElo "1568"]
[BlackElo "1133"]
[PlyCount "28"]
[EventDate "2017.07.13"]
[EventType "swiss"]
[EventRounds "7"]
[EventCountry "GER"]

1. e4 e5 2. Nf3 Nc6 3. d4 exd4 4. Nxd4 Bc5 5. Be3 Nxd4 6. Bxd4 Bb6 7. Bxg7
Bxf2+ 8. Kxf2 Qh4+ 9. g3 Qxe4 10. Bg2 Qf5+ 11. Qf3 Qxc2+ 12. Qe2+ Qxe2+ 13.
Kxe2 d6 14. Re1 Ne7 1-0

[Event "Int.Vellmar 9th op B"]
[Site "Vellmar"]
[Date "2017.07.14"]
[Round "2.51"]
[White "Mihailovic, Slobodan"]
[Black "Seeber, Helmut"]
[Result "1/2-1/2"]
[WhiteElo "1271"]
[BlackElo "1562"]
[PlyCount "61"]
[EventDate "2017.07.13"]
[EventType "swiss"]
[EventRounds "7"]
[EventCountry "GER"]

1. e4 e5 2. Nf3 Nc6 3. Bc4 Bc5 4. a3 a6 5. b4 Ba7 6. Bb2 d6 7. c3 Nf6 8. Ng5
O-O 9. O-O Qe7 10. Re1 Ng4 11. Nh3 Qh4 12. d4 Kh8 13. Nd2 f5 14. Nf3 Qh5 15.
Bc1 Bd7 16. Kh1 Rae8 17. Nfg5 Nd8 18. f3 Nf6 19. Be2 Qg6 20. dxe5 dxe5 21. f4
Bc8 22. fxe5 Nxe4 23. Bh5 Qc6 24. Bxe8 Rxe8 25. Qh5 Nxg5 26. Nxg5 h6 27. Nf7+
Kg8 28. Nxd8 Rxd8 29. Qh4 Re8 30. c4 Be6 31. Be3 1/2-1/2

[Event "Int.Vellmar 9th op B"]
[Site "Vellmar"]
[Date "2017.07.14"]
[Round "2.52"]
[White "Warren, Nigel"]
[Black "Kirchner, Stefan"]
[Result "0-1"]
[WhiteElo "1218"]
[BlackElo "1550"]
[PlyCount "44"]
[EventDate "2017.07.13"]
[EventType "swiss"]
[EventRounds "7"]
[EventCountry "GER"]

1. d4 f5 2. Bf4 Nf6 3. c3 g6 4. Nd2 Bg7 5. e3 O-O 6. Bd3 d6 7. Qb3+ Kh8 8. Ngf3
Nc6 9. h4 Nh5 10. O-O-O Qe8 11. Rde1 e5 12. dxe5 dxe5 13. Nxe5 Nxe5 14. Bxe5
Bxe5 15. f4 Bg7 16. Rh3 Qc6 17. g3 Rd8 18. Kc2 Qd6 19. Qc4 Be6 20. Qb5 c6 21.
Nc4 Qxd3+ 22. Kb3 cxb5 0-1